000
00322nam a22001457a 4500
003
SGT
082
_a
346.032,WAL
100
_a
WALTON,CHRISTOPHER
245
_a
CHARLESWORTH & PERCY ON NEGLIGENCE
250
_a
12TH
260
_a
LONDAN
_b
SWEET & MAXWELL
_c
2010
300
_a
1285
650
_a
NEGLIGENCE
942
_2
ddc
_c
BK
999
_c
9533
_d
9533